| 000 | 00616nam a22002057a 4500 | ||
|---|---|---|---|
| 003 | OSt | ||
| 005 | 20260310003551.0 | ||
| 008 | 260310b |||||||| |||| 00| 0 eng d | ||
| 020 | _a978-1-266-85766-9 | ||
| 040 |
_aDWCL Main lib _cOC |
||
| 082 | _aCirc. 657.45 W626p 2024 | ||
| 100 | _aWhittington, O. Ray | ||
| 245 |
_aPrinciples of auditing & other assurance services _cO. Ray Whittington |
||
| 260 |
_aNew York: _bMcGraw Hill, _cc2024. |
||
| 300 |
_axxxi, 992 pages: _billustrations; _c27 cm. |
||
| 504 | _aIncludes index. | ||
| 650 | _a1. Auditing. | ||
| 700 | _aKurt Pany | ||
| 942 |
_2ddc _cBK-CIRC _kCirc. _n0 |
||
| 999 |
_c8788 _d8788 |
||